00919cam a22002417 450000100060000000300080000600500170001400800410003103500190007204000230009104100080011408200320012210000360015411000630019024501230025325000180037626000510039430000210044565000370046694200120050399900170051595201450053246615BD-RjUL20211209054158.0160803s1954 pk 000 0 eng  a(BD-RjUL)46734 aDLCcDLCdDLCbeng aeng 223 a345.4910668bPAR 1954  aAshraf, Kazi Muhammad 91420371 aPakistan.kLaws, statutes, etc. [from old catalog]914215804aThe partnerships act, IX of 1932 :bwith commentary, as amended up to 31st December, 1953 / cby Kazi Muhammad Ashraf. aStudent edi.  aLahore :bAll-Pakistan Legal Decisions,c1954. a80 p. ;c25 cm.  aPartnership zPakistan.9142157 2ddccBK c46615d46615 00102ddc40708NFICaRUCLbRUCLcStackd1955-11-30epak law houseg2.00l0o345.4910668 PAR 1954r2016-08-03 00:00:00tC-2w2016-08-03yBK